Padesát odstínů šedi = Fifty shades of grey : knižní předloha stejnojmenného filmu /

Hlavní autor: James, E. L., 1963-
Jazyk: Čeština
Vydáno: V Praze : XYZ, 2015
Témata:
Fyzický popis: 606 s. ; 21 cm
Knihy
Uloženo v:
LEADER 01334nam a2200385 a 4500
001 nkc20152662686
003 CZ PrNK
005 20150303110646.0
007 ta
008 150202s2015 xr g 000 f cze
015 |a cnb002662686 
020 |a 978-80-7505-043-4  |q (brož.) 
035 |a (OCoLC)904580105 
040 |a OLA001  |b cze 
041 1 |a cze  |h eng 
072 7 |a 821.111-3  |x Anglická próza, anglicky psaná  |2 Konspekt  |9 25 
080 |a 821.111-31  |2 MRF 
080 |a (0:82-993)  |2 MRF 
100 1 |a James, E. L.,  |d 1963-  |7 kv2012723230  |4 aut 
245 1 0 |a Padesát odstínů šedi =  |b Fifty shades of grey : knižní předloha stejnojmenného filmu /  |c E.L. James ; [z anglického originálu ... přeložila Zdenka Lišková] 
246 3 |a 50 odstínů šedi 
246 3 1 |a Fifty shades of grey 
260 |a V Praze :  |b XYZ,  |c 2015 
300 |a 606 s. ;  |c 21 cm 
655 7 |a anglické romány  |7 fd131814  |2 czenas 
655 7 |a erotické romány  |7 fd132211  |2 czenas 
655 9 |a English fiction  |2 eczenas 
655 9 |a erotic novels  |2 eczenas 
765 0 |t Fifty shades of grey  |9 Česky 
910 2 |a BOA001  |b 2-1341.444 
928 9 |a Albatros Media - XYZ 
990 |a BK 
995 |a 01 
991 |b 201502  |c NOV  |e b 
996 6 |b 2610622247  |c 2-1341.444  |l MZK  |r Sklad / do 1 hodiny  |n 5  |p p.v.  |w 001489422  |u 000010  |a 1  |e BOA001  |j MZK50  |s P